| 000 | 00342 a2200133 4500 | ||
|---|---|---|---|
| 005 | 20250415103136.0 | ||
| 020 | _a0-491 01512 7 | ||
| 082 | _a657.2 WHI | ||
| 100 | _aWHITEHEAD, G. M. | ||
| 245 | _aBook-Keeping: Made Simple | ||
| 260 |
_aLondon, _bAllen, _c1974. |
||
| 300 |
_axvii, 427p.: ill.; figure, table. _bIndex. _c21cm. |
||
| 942 |
_2ddc _cBKS |
||
| 999 |
_c1443 _d1443 |
||